| 000 | 04526cam a22013454i 4500 | ||
|---|---|---|---|
| 003 | PE-LiUPU | ||
| 005 | 20250813185410.0 | ||
| 008 | 171205s2012 ag rb 00 0 spa d | ||
| 020 | _a9875001627 | ||
| 020 | _a9789875001626 | ||
| 035 | _a(Sirsi) a240306 | ||
| 040 |
_aPE-LiUPU _bspa _cPE-LiUPU _erda |
||
| 049 | _aPRUA | ||
| 082 | 0 | 4 |
_a362.2 _bS1 _220 |
| 245 | 0 | 0 |
_aSalud mental y malestar subjetivo : _bdebates en Latinoamérica / _cCompiladores Ana María Chávez Hernández [y dos más]. |
| 250 | _a1a ed. | ||
| 264 | 1 |
_aBueno Aires : _bManantial, _c2012. |
|
| 300 |
_a220 páginas ; _c23 centímetros |
||
| 336 |
_atext _2rdacontent |
||
| 337 |
_aunmediated _2rdamedia |
||
| 338 |
_avolume _2rdacarrier |
||
| 504 | _aBibliografía al final de cada capítulo. | ||
| 505 | 0 | _aSalud mental o sufrimiento social: sobre problemas emergentes para el estudio de fenómenos de muertes violentes en México -- Reconstrucción(es) luego de un suicidio: afectación en la familia y el entorno social -- En los bordes de la familia, la calle, lo social. Adolescentes en Montevideo, Uruguay -- Bullying & hiperconectados -- Más allá del encierro asilar. Sobre la gestión gubernamental de la locura y sus nuevas formas de exclusión -- Un esbozo de análisis de la coyuntura económica, social, ambiental y psicosocial del Brasil reciente -- El adolescente en contexto. Imágenes, datos y problemas fundamentales en Brasil -- Tecnoadicción : ¿realidad o virtualidad? Una mirada desde Venezuela -- Subjetividad y salud mental en la vejez : la pertinencia de empoderar a los adultos mayores -- Del silencio de los niños. | |
| 526 | _aP202 | ||
| 526 | _aP201 | ||
| 526 | _aP163 | ||
| 526 | _aP162 | ||
| 526 | _aP161 | ||
| 526 | _aP160 | ||
| 526 | _aP148 | ||
| 526 | _aP147 | ||
| 526 | _aP146 | ||
| 526 | _aP145 | ||
| 526 | _aP144 | ||
| 526 | _aP143 | ||
| 526 | _aP142 | ||
| 526 | _aP141 | ||
| 526 | _aP140 | ||
| 526 | _aP139 | ||
| 526 | _aP138 | ||
| 526 | _aP137 | ||
| 526 | _aP136 | ||
| 526 | _aP135 | ||
| 526 | _aP134 | ||
| 526 | _aP133 | ||
| 526 | _aP129 | ||
| 526 | _aP128 | ||
| 526 | _aP127 | ||
| 526 | _aP120 | ||
| 526 | _aP119 | ||
| 526 | _aP118 | ||
| 526 | _aP116 | ||
| 526 | _aP115 | ||
| 526 | _aP114 | ||
| 526 | _aP110 | ||
| 526 | _aP109 | ||
| 526 | _aP108 | ||
| 526 | _aP104 | ||
| 526 | _aP103 | ||
| 526 | _aP102 | ||
| 526 | _aP99 | ||
| 526 | _aP98 | ||
| 526 | _aP97 | ||
| 526 | _aP96 | ||
| 526 | _aP95 | ||
| 526 | _aP93 | ||
| 526 | _aP90 | ||
| 526 | _aP89 | ||
| 526 | _aP88 | ||
| 526 | _aP83 | ||
| 526 | _aP82 | ||
| 526 | _aP62 | ||
| 526 | _aP59 | ||
| 526 | _aP58 | ||
| 526 | _aP57 | ||
| 526 | _aP51 | ||
| 526 | _aP49 | ||
| 526 | _aP48 | ||
| 526 | _aP47 | ||
| 526 | _aP29 | ||
| 526 | _aP24 | ||
| 526 | _aP20 | ||
| 526 | _aP19 | ||
| 526 | _aP17 | ||
| 526 | _aP15 | ||
| 526 | _aP14 | ||
| 526 | _aP12 | ||
| 526 | _aP10 | ||
| 526 | _aP09 | ||
| 526 | _aP08 | ||
| 526 | _aP07 | ||
| 526 | _aP06 | ||
| 526 | _aP05 | ||
| 526 | _aP04 | ||
| 526 | _aP01 | ||
| 526 | 8 |
_iPrograma académico : _5PE-LiUPU |
|
| 541 | _g12-002-059500; | ||
| 541 | _g002-00000786; | ||
| 541 | _g025-56; | ||
| 650 | 0 | 4 | _aSalud mental. |
| 650 | 0 | 4 |
_aSalud mental _zAmerica latina. |
| 650 | 0 | 4 | _aMental health. |
| 650 | 0 | 4 |
_aMental health _zLatin America. |
| 700 | 1 |
_aChávez Hernández, Ana María, _ecompilador. |
|
| 700 | 1 |
_aMacías García, Luis Fernando, _ecompilador. |
|
| 700 | 1 |
_aKlein, Alejandro, _ecompilador. |
|
| 910 |
_adbm _bncf _cncf _d20171205 |
||
| 910 |
_adbm _bksl _cksl _d20190206 |
||
| 910 |
_adbm _bsag _csag _d20190403 |
||
| 596 | _a1 | ||
| 942 |
_2ddc _cBOOK |
||
| 999 |
_a362.2 S1 _wDEWEY _c25969 _i77463 _d25969 _f2021-11-3 _g4 _lCCODEBUL1 _mBUL _p15.15 _q2 _r0 _sY _tBOOK _u2017-12-5 _xSALUD _zP79 _0COMPRA _o.STAFF. Colección Ciencias de la Salud |
||
| 999 |
_a362.2 S1 _wDEWEY _c2 _i79819 _d2019-4-1 _e2019-3-26 _f2021-11-3 _g3 _lCCODEBUL1 _mBUL _n1 _p14.72 _r0 _sY _tBOOK _u2019-2-6 _xSALUD _zP33 _0COMPRA _1FCOMPR2 _o.STAFF. Colección Ciencias de la Salud |
||
| 999 |
_a362.2 S1 _wDEWEY _c3 _i80103 _f2021-11-3 _g3 _lCCODEBUL1 _mBUL _p12.70 _r0 _sY _tBOOK _u2019-4-3 _xSALUD _zP83 _0COMPRA _1FCOMPR2 _o.STAFF. Colección Ciencias de la Salud |
||
| 980 |
_81 _gALBERTO SANCHEZ Responsable de Automatización |
||